| 000 | 01109nam a2200313 i 4500 | ||
|---|---|---|---|
| 003 | EG-GICUC | ||
| 005 | 20260129033316.0 | ||
| 008 | 260117s1997 ua ||||fr|||| 00| 0 ara d | ||
| 017 | _a97/2294 | ||
| 040 |
_a EG-GICUC _bara _c EG-GICUC _d EG-GICUC _erda |
||
| 041 | _aara | ||
| 082 | 0 | 4 |
_221 _a343.3844 _bأ ح . ن |
| 092 | 0 | 4 | _221 |
| 099 | _aLaw1 10 343.3844 أ ح . ن1997 | ||
| 100 | 0 |
_aأحمد فتحى سرور _eمؤلف. |
|
| 245 | 1 | 2 |
_aالنقض فى المواد الجنائية / _cتأليف الدكتور أحمد فتحى سرور. |
| 264 | 1 |
_aالقاهرة : _bدار النهضة العربية، _c1997. |
|
| 300 |
_a535 صفحة ; _c24 سم. |
||
| 336 |
_2rda content _atext |
||
| 337 |
_2rda media _aComputer |
||
| 338 |
_2rda carrier _aOnline Resource |
||
| 504 | _aيشتمل على إرجاعات ببليوجرافية. | ||
| 650 | 1 | _aالقانون الجنائي | |
| 650 | 1 | _aقانون الإجراءات الجنائية | |
| 650 | 1 | _aالنقض | |
| 856 | 4 | 0 | _uhttps://fll.law.cu.edu.eg/fulltext/bks/B10-05847.pdf |
| 905 |
_a43 _eYara |
||
| 942 |
_2ddc _n0 _cBK _e21 |
||
| 999 |
_c57340 _d57340 |
||